000 00567nam a22001697a 4500
003 UA-OsUOA
001 19265
007 ta
008 20040802b un ||||| |||| 00| 0 ukr d
942 _cSA
040 _aUA-OsUOA
_cUA-OsUOA
_dUA-OsUOA
245 _aСоціально-економічне становище Рівненської області за січень-червень 2004 року
300 _aС.3
955 _a0
773 0 _w0
_tВісті Рівненщини
_dРівне
_d2004
_g№69/28 лип./
650 7 _aКраєзнавча робота
_2UDC
999 _c305436
_d305436